guess the sad song - taylor swift - Statistics

General Stats
  • This quiz has been taken 100 times
  • The average score is 14 of 26
Answer Stats
lyrics title % Correct
and i can go anywhere i want /anywhere i want, just not home my tears ricochet
89%
everything you lose is a step you take you're on your own, kid
88%
please don't ever become a stranger /whose laugh i could recognize anywhere new year's day
85%
i knew you'd miss me once the thrill expired cardigan
84%
a pathological people pleaser /who only wanted you to see her you're losing me
84%
you told me that you met someone /glass shattered on the white cloth right where you left me
80%
'cause all of my enemies started out friends the archer
78%
i made you my temple, my mural, my sky / now i'm begging for footnotes in the story of your life tolerate it
78%
she'll patch up your tapestry that i shred champagne problems
76%
and my words shoot to kill when i'm mad / i have a lot of regrets about that this is me trying
75%
and though i can't recall your face /i still got love for you seven
74%
sit on the floor wearing your clothes last kiss
51%
salt streams out my eyes and into my ears / every single thing i touch becomes sick with sadness bigger than the whole sky
50%
kiss me, try to fix it /could you just try to listen? sad beautiful tragic
45%
but the rain is always gonna come if you're standing with me peace
43%
what do you say, when tearsare streaming down your face the moment i knew
43%
i just realized everything i have is someday gonna be gone never grow up
40%
i was a dreamer before youwent and let me down white horse
40%
push my love away like itwas some kind of loaded gun better man
39%
live my life scared to death he'll decide to leave instead forever winter
33%
i know delusion when i see it in the mirror soon you'll get better
33%
are we only biding time 'til i lose your attention? / and someone else lights up the room? nothing new
31%
and you got your share of secrets /and i'm tired of being last to know you're not sorry
29%
and you can't see me wantin' you the way you want her invisible
25%
oh, every smile you fake is so condescending cold as you
21%
but he leaves you out like a penny in the rain / oh, 'cause it's not his price to pay tied together with a smile
19%
No matching quizzes found
Score Distribution
Percent of People with Each Score
Percentile by Number Answered
Your Score History
You have not taken this quiz